Visualizzazione normale
Vista MARC
- Lombardo
di Personal Name
Records bibliografici associati: 1
001 - CONTROL NUMBER
- control field: 18938
003 - CONTROL NUMBER IDENTIFIER
- control field: IT-RoPau
005 - DATE AND TIME OF LATEST TRANSACTION
- control field: 20140406154808.0
008 - FIXED-LENGTH DATA ELEMENTS
- fixed length control field: 140406|| aca||aabn | a|a d
040 ## - CATALOGING SOURCE
- Original cataloging agency: IT-RoPau
- Transcribing agency: IT-RoPau
100 ## - HEADING--PERSONAL NAME
- Personal name: Lombardo
- Dates associated with a name: Codice autore testo/musica SPICS: 22820
- Relator term: Autore testo/musica
- Name of part/section of a work: Lola
670 ## - SOURCE DATA FOUND
- Source citation: Work cat.: (IT-RoPau)99691: AA.VV. 794, Motivi dell'allegria (I) vol. 4